LEADER 01728oam 2200469M 450 001 9910716212803321 005 20200213070532.8 035 $a(CKB)5470000002520001 035 $a(OCoLC)1065842659 035 $a(OCoLC)995470000002520001 035 $a(EXLCZ)995470000002520001 100 $a20071213d1926 ua 0 101 0 $aeng 135 $aurcn||||||||| 181 $ctxt$2rdacontent 182 $cc$2rdamedia 183 $acr$2rdacarrier 200 10$aBridge across the Mississippi River. January 16 (calendar day, January 23), 1926. -- Ordered to be printed 210 1$a[Washington, D.C.] :$c[U.S. Government Printing Office],$d1926. 215 $a1 online resource (2 pages) 225 1 $aSenate report / 69th Congress, 1st session. Senate ;$vno. 79 225 1 $a[United States congressional serial set ] ;$v[serial no. 8524] 300 $aBatch processed record: Metadata reviewed, not verified. Some fields updated by batch processes. 300 $aFDLP item number not assigned. 517 $aBridge across the Mississippi River. January 16 606 $aBridge construction industry 606 $aBridges$xDesign and construction 606 $aBridges 608 $aLegislative materials.$2lcgft 615 0$aBridge construction industry. 615 0$aBridges$xDesign and construction. 615 0$aBridges. 701 $aBingham$b Hiram$f1875-1956$pRepublican (CT)$0463205 801 0$bWYU 801 1$bWYU 801 2$bOCLCO 801 2$bOCLCQ 801 2$bOCLCO 906 $aBOOK 912 $a9910716212803321 996 $aBridge across the Mississippi River. January 16 (calendar day, January 23), 1926. -- Ordered to be printed$93514277 997 $aUNINA LEADER 01652oam 2200469M 450 001 9910716233303321 005 20200213070520.8 035 $a(CKB)5470000002519794 035 $a(OCoLC)1065808368 035 $a(OCoLC)995470000002519794 035 $a(EXLCZ)995470000002519794 100 $a20071213d1926 ua 0 101 0 $aeng 135 $aurcn||||||||| 181 $ctxt$2rdacontent 182 $cc$2rdamedia 183 $acr$2rdacarrier 200 10$aConsideration of the rivers and harbors bill. May 17, 1926. -- Referred to the House Calendar and ordered to be printed 210 1$a[Washington, D.C.] :$c[U.S. Government Printing Office],$d1926. 215 $a1 online resource (1 pages) 225 1 $aHouse report / 69th Congress, 1st session. House ;$vno. 1226 225 1 $a[United States congressional serial set] ;$v[serial no. 8537] 300 $aBatch processed record: Metadata reviewed, not verified. Some fields updated by batch processes. 300 $aFDLP item number not assigned. 606 $aHarbors 606 $aNavigation 606 $aBodies of water 606 $aRivers 608 $aLegislative materials.$2lcgft 615 0$aHarbors. 615 0$aNavigation. 615 0$aBodies of water. 615 0$aRivers. 701 $aSnell$b Bertrand Hollis$f1870-1958$pRepublican (NY)$01388514 801 0$bWYU 801 1$bWYU 801 2$bOCLCO 801 2$bOCLCQ 906 $aBOOK 912 $a9910716233303321 996 $aConsideration of the rivers and harbors bill. May 17, 1926. -- Referred to the House Calendar and ordered to be printed$93482174 997 $aUNINA